000 01255cam a2200133 4500500
005 20251214001353.0
041 _afre
042 _adc
100 1 0 _aRaynaud, Philippe
_eauthor
245 0 0 _aLe juge et le philosophe : Essais sur le nouvel âge du droit
260 _bArmand Colin,
_c2020.
520 _aSommes-nous entrés dans un nouvel âge du droit ? L’échec des idéologies qui ont endeuillé le XXe  siècle en niant le droit, ou en l’instrumentalisant au service de la violence (de classe, de race, d’État), a conduit à la reconnaissance de la valeur absolue des droits de l’homme et de l’État de droit. Ce tournant a eu des effets profonds et durables, mais il fait apparaître de nouveaux défis. Dans l’ordre interne, le progrès du droit semble incontestable, mais le sentiment de l’impuissance du politique n’a sans doute jamais été aussi fort ; quant au système international, l’idée d’un effacement des logiques de puissance devant le règne du droit est fortement remise en question par les nouveaux conflits. Quelle place occupera le droit dans la démocratie au XXIe  siècle ?
856 4 1 _uhttps://droit.cairn.info/le-juge-et-le-philosophe--9782200628901?lang=fr&redirect-ssocas=7080
999 _c1566121
_d1566121